[Event "European Online Club-ch-B 2021"]
[Site "Online"]
[Date "2021.03.27"]
[Round "2.3"]
[White "Lecky, Juraj"]
[Black "Villegas, Pierre"]
[Result "0-1"]
[WhiteElo "2070"]
[BlackElo "2367"]
[Annotator "NA"]
[PlyCount "102"]
[EventDate "2021.03.27"]
[EventType "team-tourn"]
[EventCountry "NET"]
[SourceTitle "playchess.com"]
[Source "ChessBase"]
[SourceQuality "1"]
[TimeControl "900+5"]

1. e4 {[%emt 0:00:00]} c6 {[%emt 0:00:04]} 2. d4 {[%emt 0:00:03]} d5 {[%emt 0:00:01]} 3. e5 {[%emt 0:00:04]} Bf5 {[%emt 0:00:05]} 4. Nf3 {[%emt 0:00:03]} e6 {[%emt 0:00:01]} 5. Be2 {[%emt 0:00:02]} Ne7 {[%emt 0:00:03]} 6. O-O {[%emt 0:00:02]} Ng6 {[%emt 0:00:01]} 7. Nbd2 {[%emt 0:00:35]} Nf4 {[%emt 0:00:04]} 8. c3 {[%emt 0:00:34]} Be7 {[%emt 0:00:23]} 9. Nb3 {[%emt 0:00:44]} Nxe2+ {[%emt 0:00:04]} 10. Qxe2 {[%emt 0:00:03]} O-O {[%emt 0:00:15]} 11. Be3 {[%emt 0:00:54]} a5 {[%emt 0:01:10]} 12. Rfd1 {[%emt 0:01:38]} Bg4 {[%emt 0:02:16]} 13. h3 {[%emt 0:00:23]} Bh5 {[%emt 0:00:02]} 14. Nbd2 {[%emt 0:00:38]} Qb6 {[%emt 0:00:13]} 15. g4 {[%emt 0:00:21]} Bg6 {[%emt 0:00:04]} 16. Nf1 {[%emt 0:00:50]} c5 {[%emt 0:01:49]} 17. dxc5 {[%emt 0:00:19]} Bxc5 {[%emt 0:00:02]} 18. Bxc5 {[%emt 0:00:02]} Qxc5 {[%emt 0:00:02]} 19. Nd4 {[%emt 0:00:02]} Nc6 {[%emt 0:00:15]} 20. Ng3 {[%emt 0:00:43]} Rae8 {[%emt 0:02:24]} 21. h4 {[%emt 0:05:03]} h6 {[%emt 0:00:21]} 22. Qe3 {[%emt 0:00:13]} Qb6 {[%emt 0:01:33]} 23. b3 {[%emt 0:00:42]} f6 {[%emt 0:01:27]} 24. f4 {[%emt 0:01:13]} fxe5 {[%emt 0:00:15]} 25. fxe5 {[%emt 0:00:02]} Nxd4 {[%emt 0:01:11]} 26. cxd4 {[%emt 0:00:17]} Qd8 {[%emt 0:01:05]} 27. g5 {[%emt 0:00:34]} hxg5 {[%emt 0:00:22]} 28. hxg5 {[%emt 0:00:05]} Re7 {[%emt 0:00:31]} 29. Rf1 {[%emt 0:00:08]} Ref7 {[%emt 0:00:02]} 30. Rxf7 {[%emt 0:00:03]} Rxf7 {[%emt 0:00:01]} 31. Rf1 {[%emt 0:00:03]} Rxf1+ {[%emt 0:00:07]} 32. Kxf1 {[%emt 0:00:19]} Qc7 {[%emt 0:00:35]} 33. Qe2 {[%emt 0:00:49]} Qc3 {[%emt 0:00:24]} 34. Qg4 {[%emt 0:00:10]} Qa1+ {[%emt 0:00:10]} 35. Kf2 {[%emt 0:00:03]} Qxa2+ {[%emt 0:00:03]} 36. Kg1 {[%emt 0:00:03]} Qb1+ {[%emt 0:00:04]} 37. Kf2 {[%emt 0:00:05]} Qc2+ {[%emt 0:00:03]} 38. Kg1 {[%emt 0:00:01]} Kf7 {[%emt 0:00:11]} 39. Qf3+ {[%emt 0:00:06]} Ke7 {[%emt 0:00:13]} 40. Qe3 {[%emt 0:00:10]} Qd3 {[%emt 0:00:14]} 41. Qf2 {[%emt 0:00:05]} b5 {[%emt 0:00:05]} 42. Ne2 {[%emt 0:00:03]} Be4 {[%emt 0:00:04]} 43. Ng3 {[%emt 0:00:09]} Qd1+ {[%emt 0:00:03]} 44. Kh2 {[%emt 0:00:01]} Qf3 {[%emt 0:00:06]} 45. Nxe4 {[%emt 0:00:03]} Qxe4 {[%emt 0:00:04]} 46. Qd2 {[%emt 0:00:14]} b4 {[%emt 0:00:05]} 47. Qc1 {[%emt 0:00:03]} Kf7 {[%emt 0:00:03]} 48. Qc7+ {[%emt 0:00:07]} Kg6 {[%emt 0:00:02]} 49. Qe7 {[%emt 0:00:03]} Qh4+ {[%emt 0:00:01]} 50. Kg2 {[%emt 0:00:02]} Qxg5+ {[%emt 0:00:02]} 51. Qxg5+ {[%emt 0:00:03]} Kxg5 {[%emt 0:00:01]} 0-1

[Event "European Online Club-ch-B 2021"]
[Site "Online"]
[Date "2021.03.27"]
[Round "2.4"]
[White "Meylan, Andre"]
[Black "Nikel, Rastislav"]
[Result "1/2-1/2"]
[WhiteElo "2205"]
[BlackElo "1984"]
[Annotator "NA"]
[PlyCount "158"]
[EventDate "2021.03.27"]
[EventType "team-tourn"]
[EventCountry "NET"]
[SourceTitle "playchess.com"]
[Source "ChessBase"]
[SourceQuality "1"]
[TimeControl "900+5"]

1. e4 {[%emt 0:00:00]} c5 {[%emt 0:00:04]} 2. Nf3 {[%emt 0:00:02]} d6 {[%emt 0:00:05]} 3. d4 {[%emt 0:00:02]} cxd4 {[%emt 0:00:02]} 4. Nxd4 {[%emt 0:00:00]} Nf6 {[%emt 0:00:02]} 5. Nc3 {[%emt 0:00:02]} g6 {[%emt 0:00:03]} 6. Be3 {[%emt 0:00:04]} Bg7 {[%emt 0:00:03]} 7. Be2 {[%emt 0:00:02]} O-O {[%emt 0:00:03]} 8. O-O {[%emt 0:00:00]} Nc6 {[%emt 0:00:02]} 9. f4 {[%emt 0:00:02]} Bd7 {[%emt 0:00:34]} 10. Nb3 {[%emt 0:00:10]} a6 {[%emt 0:00:05]} 11. a4 {[%emt 0:00:03]} Rc8 {[%emt 0:00:10]} 12. Bf3 {[%emt 0:00:06]} Qc7 {[%emt 0:00:09]} 13. Qd2 {[%emt 0:00:30]} Rfd8 {[%emt 0:00:05]} 14. a5 {[%emt 0:00:29]} Re8 {[%emt 0:01:40]} 15. Rfd1 {[%emt 0:01:05]} Be6 {[%emt 0:00:03]} 16. Nd5 {[%emt 0:01:53]} Bxd5 {[%emt 0:00:09]} 17. exd5 {[%emt 0:00:04]} Nb8 {[%emt 0:00:09]} 18. c3 {[%emt 0:01:15]} Nbd7 {[%emt 0:00:04]} 19. Bd4 {[%emt 0:00:43]} Qc4 {[%emt 0:02:08]} 20. Nc1 {[%emt 0:02:03]} e5 {[%emt 0:01:35]} 21. dxe6 {[%emt 0:01:03]} Rxe6 {[%emt 0:00:04]} 22. Bxb7 {[%emt 0:01:06]} Rce8 {[%emt 0:00:03]} 23. b3 {[%emt 0:01:04]} Qc7 {[%emt 0:00:09]} 24. Bf3 {[%emt 0:00:39]} Ne4 {[%emt 0:00:37]} 25. Bxe4 {[%emt 0:00:25]} Rxe4 {[%emt 0:00:03]} 26. Bxg7 {[%emt 0:00:47]} Kxg7 {[%emt 0:00:05]} 27. h3 {[%emt 0:00:19]} Nf6 {[%emt 0:00:38]} 28. c4 {[%emt 0:00:36]} Nh5 {[%emt 0:00:25]} 29. Nd3 {[%emt 0:00:47]} Qa7+ {[%emt 0:00:25]} 30. Kh2 {[%emt 0:00:06]} Qd4 {[%emt 0:00:36]} 31. Nf2 {[%emt 0:01:01]} Qxd2 {[%emt 0:00:13]} 32. Rxd2 {[%emt 0:00:00]} Rxf4 {[%emt 0:00:02]} 33. Kg1 {[%emt 0:00:53]} Rf6 {[%emt 0:00:44]} 34. Rad1 {[%emt 0:00:12]} Ng3 {[%emt 0:01:26]} 35. Ng4 {[%emt 0:00:07]} Rfe6 {[%emt 0:00:13]} 36. Rxd6 {[%emt 0:00:09]} h5 {[%emt 0:00:58]} 37. Rxe6 {[%emt 0:00:02]} Rxe6 {[%emt 0:00:03]} 38. Nh2 {[%emt 0:00:07]} Re2 {[%emt 0:00:12]} 39. Nf1 {[%emt 0:00:08]} Ne4 {[%emt 0:00:12]} 40. Rc1 {[%emt 0:00:07]} Rb2 {[%emt 0:00:06]} 41. c5 {[%emt 0:00:04]} Rxb3 {[%emt 0:00:10]} 42. c6 {[%emt 0:00:01]} Nd6 {[%emt 0:00:16]} 43. c7 {[%emt 0:00:02]} Nc8 {[%emt 0:00:03]} 44. Rc6 {[%emt 0:00:05]} Rb7 {[%emt 0:00:13]} 45. Ne3 {[%emt 0:00:04]} Rb5 {[%emt 0:00:29]} 46. Nc4 {[%emt 0:00:06]} Rb1+ {[%emt 0:00:29]} 47. Kh2 {[%emt 0:00:02]} Rc1 {[%emt 0:00:03]} 48. Kg3 {[%emt 0:00:13]} Kf8 {[%emt 0:00:04]} 49. Ne5 {[%emt 0:00:08]} Rxc6 {[%emt 0:00:05]} 50. Nxc6 {[%emt 0:00:00]} Ke8 {[%emt 0:00:02]} 51. Nb8 {[%emt 0:00:02]} Ke7 {[%emt 0:00:05]} 52. Nxa6 {[%emt 0:00:03]} Kd6 {[%emt 0:00:02]} 53. Kf4 {[%emt 0:00:04]} f6 {[%emt 0:00:05]} 54. Ke4 {[%emt 0:00:10]} Kc6 {[%emt 0:00:02]} 55. Kd4 {[%emt 0:00:05]} Kb5 {[%emt 0:01:35]} 56. Nc5 {[%emt 0:00:06]} Kxa5 {[%emt 0:00:05]} 57. Nd7 {[%emt 0:00:07]} g5 {[%emt 0:00:48]} 58. Kc5 {[%emt 0:00:05]} f5 {[%emt 0:00:15]} 59. Ne5 {[%emt 0:00:03]} g4 {[%emt 0:00:07]} 60. h4 {[%emt 0:00:03]} f4 {[%emt 0:00:04]} 61. Kc6 {[%emt 0:00:03]} Ka6 {[%emt 0:00:07]} 62. Kd7 {[%emt 0:00:11]} Kb7 {[%emt 0:00:09]} 63. Nc4 {[%emt 0:00:02]} Na7 {[%emt 0:00:10]} 64. Nd6+ {[%emt 0:00:04]} Kb6 {[%emt 0:00:11]} 65. Nc8+ {[%emt 0:00:06]} Nxc8 {[%emt 0:00:05]} 66. Kxc8 {[%emt 0:00:00]} f3 {[%emt 0:00:02]} 67. gxf3 {[%emt 0:00:02]} gxf3 {[%emt 0:00:01]} 68. Kd7 {[%emt 0:00:05]} f2 {[%emt 0:00:02]} 69. c8=Q {[%emt 0:00:00]} f1=Q {[%emt 0:00:03]} 70. Qc6+ {[%emt 0:00:08]} Ka5 {[%emt 0:00:05]} 71. Qc3+ {[%emt 0:00:12]} Ka4 {[%emt 0:00:04]} 72. Qd4+ {[%emt 0:00:05]} Kb3 {[%emt 0:00:07]} 73. Ke6 {[%emt 0:00:06]} Qh3+ {[%emt 0:00:07]} 74. Kd5 {[%emt 0:00:12]} Qd7+ {[%emt 0:00:19]} 75. Ke4 {[%emt 0:00:03]} Qg4+ {[%emt 0:00:02]} 76. Kd5 {[%emt 0:00:04]} Qd7+ {[%emt 0:00:03]} 77. Ke4 {[%emt 0:00:01]} Qg4+ {[%emt 0:00:02]} 78. Ke5 {[%emt 0:00:04]} Qg7+ {[%emt 0:00:02]} 79. Ke4 {[%emt 0:00:05]} Qg4+ {[%emt 0:00:02]} 1/2-1/2

[Event "European Online Club-ch-B 2021"]
[Site "Online"]
[Date "2021.03.27"]
[Round "2.5"]
[White "Demidov, Mikhail"]
[Black "Gorodetzky, David"]
[Result "1-0"]
[WhiteElo "2523"]
[BlackElo "2495"]
[Annotator "ChessBase"]
[PlyCount "87"]
[EventDate "2021.03.27"]
[EventType "team-tourn"]
[EventCountry "NET"]
[SourceTitle "playchess.com"]
[Source "ChessBase"]
[SourceQuality "1"]
[TimeControl "900+5"]

1. Nf3 {[%emt 0:00:00]} d5 {[%emt 0:00:09]} 2. g3 {[%emt 0:00:03]} Nd7 {[%emt 0:00:06]} 3. d4 {[%emt 0:00:35]} Nb6 {[%emt 0:00:03]} 4. Bg2 {[%emt 0:00:07]} Bf5 {[%emt 0:00:02]} 5. Nh4 {[%emt 0:00:07]} Be6 {[%emt 0:00:30]} 6. Nc3 {[%emt 0:00:37]} Nf6 {[%emt 0:00:05]} 7. O-O {[%emt 0:00:08]} g6 {[%emt 0:00:16]} 8. f4 {[%emt 0:00:25]} Qd7 {[%emt 0:00:18]} 9. Qd3 {[%emt 0:00:53]} Bf5 {[%emt 0:00:07]} 10. Nxf5 {[%emt 0:00:16]} gxf5 {[%emt 0:00:00]} 11. a4 {[%emt 0:00:07]} c6 {[%emt 0:00:11]} 12. a5 {[%emt 0:00:34]} Nc4 {[%emt 0:00:02]} 13. Na4 {[%emt 0:00:09]} e6 {[%emt 0:00:16]} 14. b3 {[%emt 0:00:15]} Nd6 {[%emt 0:00:03]} 15. Nc5 {[%emt 0:00:16]} Qc7 {[%emt 0:00:02]} 16. c4 {[%emt 0:00:22]} Nde4 {[%emt 0:00:42]} 17. b4 {[%emt 0:00:11]} a6 {[%emt 0:00:19]} 18. cxd5 {[%emt 0:00:12]} exd5 {[%emt 0:00:04]} 19. Bd2 {[%emt 0:01:07]} h5 {[%emt 0:00:24]} 20. Be1 {[%emt 0:00:04]} h4 {[%emt 0:00:10]} 21. gxh4 {[%emt 0:00:31]} Bd6 {[%emt 0:00:02]} 22. Qh3 {[%emt 0:01:14]} Qc8 {[%emt 0:02:54]} 23. Bxe4 {[%emt 0:01:35]} dxe4 {[%emt 0:00:35]} 24. Kh1 {[%emt 0:00:29]} Nd5 {[%emt 0:00:17]} 25. e3 {[%emt 0:00:23]} Bxc5 {[%emt 0:00:02]} 26. bxc5 {[%emt 0:00:12]} Qe6 {[%emt 0:00:03]} 27. Rg1 {[%emt 0:00:07]} O-O-O {[%emt 0:00:08]} 28. Rg5 {[%emt 0:00:09]} f6 {[%emt 0:00:52]} 29. Rg7 {[%emt 0:01:45]} Rdg8 {[%emt 0:00:47]} 30. Rxg8+ {[%emt 0:00:03]} Rxg8 {[%emt 0:00:00]} 31. Bf2 {[%emt 0:00:08]} Nxf4 {[%emt 0:00:27]} 32. exf4 {[%emt 0:00:13]} e3 {[%emt 0:00:05]} 33. Bg3 {[%emt 0:00:02]} Qd5+ {[%emt 0:02:03]} 34. Qg2 {[%emt 0:00:11]} Qxd4 {[%emt 0:00:02]} 35. Re1 {[%emt 0:00:08]} Qxc5 {[%emt 0:00:02]} 36. h5 {[%emt 0:00:20]} Re8 {[%emt 0:00:17]} 37. Qa2 {[%emt 0:01:17]} Qc3 {[%emt 0:01:05]} 38. Qf7 {[%emt 0:00:29]} Re4 {[%emt 0:00:20]} 39. h6 {[%emt 0:00:31]} Qxa5 {[%emt 0:01:51]} 40. h7 {[%emt 0:01:08]} Qd8 {[%emt 0:00:04]} 41. Bh4 {[%emt 0:00:26]} Kb8 {[%emt 0:00:28]} 42. Qxf6 {[%emt 0:00:15]} Qd5 {[%emt 0:00:10]} 43. Qd8+ {[%emt 0:00:02]} Qxd8 {[%emt 0:00:11]} 44. Bxd8 {[%emt 0:00:02]} 1-0

[Event "European Online Club-ch-B 2021"]
[Site "Online"]
[Date "2021.03.27"]
[Round "2.6"]
[White "Parkhov, Yair"]
[Black "Andriasyan, Siranush"]
[Result "1-0"]
[WhiteElo "2407"]
[BlackElo "2298"]
[Annotator "NA"]
[PlyCount "75"]
[EventDate "2021.03.27"]
[EventType "team-tourn"]
[EventCountry "NET"]
[SourceTitle "playchess.com"]
[Source "ChessBase"]
[SourceQuality "1"]
[TimeControl "900+5"]

1. d4 {[%emt 0:00:00]} Nf6 {[%emt 0:00:08]} 2. c4 {[%emt 0:00:03]} e6 {[%emt 0:00:03]} 3. g3 {[%emt 0:00:01]} d5 {[%emt 0:00:34]} 4. Bg2 {[%emt 0:00:02]} Be7 {[%emt 0:00:04]} 5. Nf3 {[%emt 0:00:02]} O-O {[%emt 0:01:22]} 6. Qc2 {[%emt 0:00:08]} dxc4 {[%emt 0:00:18]} 7. Qxc4 {[%emt 0:00:06]} a6 {[%emt 0:00:04]} 8. Bf4 {[%emt 0:00:13]} Nd5 {[%emt 0:00:15]} 9. Bd2 {[%emt 0:00:41]} b5 {[%emt 0:00:09]} 10. Qc1 {[%emt 0:00:05]} Bb7 {[%emt 0:00:08]} 11. O-O {[%emt 0:00:09]} Nc6 {[%emt 0:01:00]} 12. a3 {[%emt 0:00:17]} Rb8 {[%emt 0:01:17]} 13. Rd1 {[%emt 0:00:54]} Nf6 {[%emt 0:01:03]} 14. Be1 {[%emt 0:02:09]} Ne4 {[%emt 0:02:00]} 15. b4 {[%emt 0:01:53]} f5 {[%emt 0:02:12]} 16. Nc3 {[%emt 0:00:44]} Nxc3 {[%emt 0:00:49]} 17. Bxc3 {[%emt 0:00:00]} Bf6 {[%emt 0:00:01]} 18. Ra2 {[%emt 0:00:54]} Ne7 {[%emt 0:00:22]} 19. Rad2 {[%emt 0:00:30]} Be4 {[%emt 0:01:06]} 20. Bb2 {[%emt 0:00:26]} Nd5 {[%emt 0:00:20]} 21. Ne1 {[%emt 0:01:06]} Bxg2 {[%emt 0:00:18]} 22. Nxg2 {[%emt 0:00:00]} Bg5 {[%emt 0:00:23]} 23. e3 {[%emt 0:00:07]} Nb6 {[%emt 0:00:07]} 24. h4 {[%emt 0:00:31]} Bf6 {[%emt 0:00:04]} 25. Nf4 {[%emt 0:00:05]} Nc4 {[%emt 0:00:05]} 26. Nxe6 {[%emt 0:00:23]} Qe7 {[%emt 0:00:36]} 27. Nxf8 {[%emt 0:00:07]} Rxf8 {[%emt 0:00:09]} 28. Rc2 {[%emt 0:00:06]} Qe6 {[%emt 0:01:32]} 29. d5 {[%emt 0:00:19]} Qe4 {[%emt 0:00:11]} 30. Bxf6 {[%emt 0:00:09]} Rxf6 {[%emt 0:00:00]} 31. Rd4 {[%emt 0:00:03]} Qf3 {[%emt 0:00:06]} 32. Rcxc4 {[%emt 0:00:21]} bxc4 {[%emt 0:00:05]} 33. Qxc4 {[%emt 0:00:02]} f4 {[%emt 0:00:22]} 34. d6+ {[%emt 0:00:05]} Kh8 {[%emt 0:00:05]} 35. dxc7 {[%emt 0:00:06]} fxg3 {[%emt 0:00:03]} 36. Rd8+ {[%emt 0:00:25]} Rf8 {[%emt 0:00:06]} 37. Rxf8+ {[%emt 0:00:01]} Qxf8 {[%emt 0:00:04]} 38. c8=Q {[%emt 0:00:11]} 1-0

[Event "European Online Club-ch-B 2021"]
[Site "Online"]
[Date "2021.03.27"]
[Round "2.7"]
[White "Pillard, Valentin"]
[Black "Veinberg, Nimrod"]
[Result "0-1"]
[WhiteElo "2103"]
[BlackElo "2404"]
[Annotator "NA"]
[PlyCount "106"]
[EventDate "2021.03.27"]
[EventType "team-tourn"]
[EventCountry "NET"]
[SourceTitle "playchess.com"]
[Source "ChessBase"]
[SourceQuality "1"]
[TimeControl "900+5"]

1. e4 {[%emt 0:00:00]} e5 {[%emt 0:00:02]} 2. Nf3 {[%emt 0:00:04]} Nc6 {[%emt 0:00:02]} 3. d4 {[%emt 0:00:02]} exd4 {[%emt 0:00:01]} 4. Nxd4 {[%emt 0:00:03]} Bc5 {[%emt 0:00:06]} 5. Nxc6 {[%emt 0:00:03]} Qf6 {[%emt 0:00:04]} 6. Qf3 {[%emt 0:00:05]} bxc6 {[%emt 0:00:04]} 7. Nd2 {[%emt 0:00:49]} d6 {[%emt 0:01:06]} 8. Nb3 {[%emt 0:00:11]} Bb6 {[%emt 0:00:07]} 9. a4 {[%emt 0:01:02]} a5 {[%emt 0:00:44]} 10. Bd2 {[%emt 0:00:06]} Qxf3 {[%emt 0:02:41]} 11. gxf3 {[%emt 0:00:03]} Be6 {[%emt 0:00:14]} 12. Bc3 {[%emt 0:00:32]} f6 {[%emt 0:00:16]} 13. Nd4 {[%emt 0:00:44]} Bxd4 {[%emt 0:00:04]} 14. Bxd4 {[%emt 0:00:02]} Ne7 {[%emt 0:00:01]} 15. Rg1 {[%emt 0:00:24]} Kf7 {[%emt 0:00:03]} 16. b3 {[%emt 0:01:23]} c5 {[%emt 0:00:05]} 17. Bc3 {[%emt 0:00:20]} g5 {[%emt 0:00:10]} 18. O-O-O {[%emt 0:03:05]} Ng6 {[%emt 0:00:07]} 19. Bb5 {[%emt 0:00:21]} h5 {[%emt 0:00:49]} 20. Bc6 {[%emt 0:02:09]} Ra6 {[%emt 0:00:13]} 21. Bb5 {[%emt 0:00:16]} Raa8 {[%emt 0:00:02]} 22. Bc6 {[%emt 0:00:02]} Ra7 {[%emt 0:00:02]} 23. e5 {[%emt 0:01:04]} Nxe5 {[%emt 0:00:48]} 24. Bxe5 {[%emt 0:00:03]} dxe5 {[%emt 0:00:01]} 25. c4 {[%emt 0:00:45]} Ra6 {[%emt 0:00:15]} 26. Be4 {[%emt 0:01:11]} Rd6 {[%emt 0:00:08]} 27. Rde1 {[%emt 0:00:26]} h4 {[%emt 0:00:25]} 28. Bc2 {[%emt 0:00:38]} Rhd8 {[%emt 0:00:16]} 29. Re2 {[%emt 0:00:04]} Rd4 {[%emt 0:00:02]} 30. Rge1 {[%emt 0:00:23]} Rb8 {[%emt 0:00:12]} 31. Re3 {[%emt 0:00:08]} Bd7 {[%emt 0:00:04]} 32. Be4 {[%emt 0:00:06]} Be6 {[%emt 0:00:12]} 33. Bc2 {[%emt 0:00:01]} Rd6 {[%emt 0:00:02]} 34. Rg1 {[%emt 0:00:09]} Rbd8 {[%emt 0:00:27]} 35. Re2 {[%emt 0:00:05]} Bh3 {[%emt 0:00:01]} 36. Bb1 {[%emt 0:00:20]} Rd4 {[%emt 0:00:06]} 37. Bc2 {[%emt 0:00:05]} R8d6 {[%emt 0:00:15]} 38. Bb1 {[%emt 0:00:07]} Bd7 {[%emt 0:00:01]} 39. Bc2 {[%emt 0:00:32]} Bc6 {[%emt 0:00:03]} 40. Re3 {[%emt 0:00:01]} Rf4 {[%emt 0:00:09]} 41. Bd1 {[%emt 0:00:03]} g4 {[%emt 0:00:19]} 42. fxg4 {[%emt 0:00:06]} Rxf2 {[%emt 0:00:07]} 43. g5 {[%emt 0:00:01]} Rdd2 {[%emt 0:01:50]} 44. Bh5+ {[%emt 0:00:25]} Ke6 {[%emt 0:00:33]} 45. g6 {[%emt 0:00:09]} Ra2 {[%emt 0:00:07]} 46. Kb1 {[%emt 0:00:04]} Rfb2+ {[%emt 0:00:02]} 47. Kc1 {[%emt 0:00:01]} Rxh2 {[%emt 0:00:00]} 48. Kb1 {[%emt 0:00:09]} Rhb2+ {[%emt 0:01:16]} 49. Kc1 {[%emt 0:00:01]} f5 {[%emt 0:00:26]} 50. g7 {[%emt 0:00:04]} Ra1+ {[%emt 0:00:03]} 51. Kxb2 {[%emt 0:00:02]} Rxg1 {[%emt 0:00:00]} 52. Rh3 {[%emt 0:00:15]} Rxg7 {[%emt 0:00:07]} 53. Rxh4 {[%emt 0:00:01]} Rh7 {[%emt 0:00:03]} 0-1

[Event "European Online Club-ch-B 2021"]
[Site "Online"]
[Date "2021.03.27"]
[Round "2.8"]
[White "Zlatin, Alexander"]
[Black "Ferey, Antonin"]
[Result "1-0"]
[WhiteElo "2343"]
[BlackElo "2148"]
[Annotator "NA"]
[PlyCount "95"]
[EventDate "2021.03.27"]
[EventType "team-tourn"]
[EventCountry "NET"]
[SourceTitle "playchess.com"]
[Source "ChessBase"]
[SourceQuality "1"]
[TimeControl "900+5"]

1. e4 {[%emt 0:00:00]} e5 {[%emt 0:00:15]} 2. Nf3 {[%emt 0:00:04]} Nc6 {[%emt 0:00:03]} 3. Bc4 {[%emt 0:00:01]} Bc5 {[%emt 0:00:05]} 4. c3 {[%emt 0:00:02]} Nf6 {[%emt 0:00:05]} 5. d3 {[%emt 0:00:01]} a6 {[%emt 0:00:02]} 6. a4 {[%emt 0:00:03]} Ba7 {[%emt 0:00:02]} 7. Nbd2 {[%emt 0:00:07]} O-O {[%emt 0:00:11]} 8. Bb3 {[%emt 0:00:07]} d6 {[%emt 0:00:02]} 9. h3 {[%emt 0:00:01]} Be6 {[%emt 0:00:05]} 10. Nf1 {[%emt 0:00:21]} d5 {[%emt 0:00:37]} 11. Ng3 {[%emt 0:00:59]} dxe4 {[%emt 0:00:59]} 12. dxe4 {[%emt 0:00:00]} Bxb3 {[%emt 0:00:04]} 13. Qxb3 {[%emt 0:00:05]} Qd3 {[%emt 0:00:12]} 14. Nd2 {[%emt 0:01:38]} Na5 {[%emt 0:00:22]} 15. Qd1 {[%emt 0:00:46]} Rad8 {[%emt 0:02:32]} 16. Qe2 {[%emt 0:00:13]} Qc2 {[%emt 0:00:29]} 17. O-O {[%emt 0:03:00]} Rd3 {[%emt 0:00:04]} 18. Nf3 {[%emt 0:01:09]} Qxe2 {[%emt 0:00:15]} 19. Nxe2 {[%emt 0:00:00]} Nb3 {[%emt 0:00:31]} 20. Ra3 {[%emt 0:00:24]} Nxc1 {[%emt 0:00:05]} 21. Nxc1 {[%emt 0:00:00]} Rdd8 {[%emt 0:01:12]} 22. Re1 {[%emt 0:00:13]} Nd7 {[%emt 0:01:07]} 23. a5 {[%emt 0:00:23]} f6 {[%emt 0:00:26]} 24. Nd3 {[%emt 0:01:18]} Nc5 {[%emt 0:00:13]} 25. Nxc5 {[%emt 0:00:03]} Bxc5 {[%emt 0:00:02]} 26. b4 {[%emt 0:00:00]} Ba7 {[%emt 0:00:07]} 27. Kf1 {[%emt 0:00:07]} Rd3 {[%emt 0:00:22]} 28. Ke2 {[%emt 0:00:05]} Rfd8 {[%emt 0:00:02]} 29. Rc1 {[%emt 0:00:19]} Kf7 {[%emt 0:01:05]} 30. Rb3 {[%emt 0:00:17]} c6 {[%emt 0:00:19]} 31. Rcb1 {[%emt 0:00:11]} Ke6 {[%emt 0:00:22]} 32. Nd4+ {[%emt 0:00:31]} Bxd4 {[%emt 0:01:49]} 33. Kxd3 {[%emt 0:00:03]} Bxf2+ {[%emt 0:00:02]} 34. Ke2 {[%emt 0:00:01]} Ba7 {[%emt 0:00:03]} 35. Rd1 {[%emt 0:00:01]} Ra8 {[%emt 0:00:12]} 36. g4 {[%emt 0:00:15]} h5 {[%emt 0:00:10]} 37. gxh5 {[%emt 0:00:29]} Rh8 {[%emt 0:00:04]} 38. c4 {[%emt 0:00:02]} Bd4 {[%emt 0:00:12]} 39. b5 {[%emt 0:00:14]} Rxh5 {[%emt 0:00:50]} 40. bxa6 {[%emt 0:00:03]} bxa6 {[%emt 0:00:02]} 41. Rdd3 {[%emt 0:00:18]} Rh4 {[%emt 0:00:13]} 42. Rg3 {[%emt 0:00:13]} Rxe4+ {[%emt 0:00:28]} 43. Kd3 {[%emt 0:01:13]} Rh4 {[%emt 0:00:02]} 44. Kc2 {[%emt 0:00:10]} g5 {[%emt 0:00:38]} 45. Rb8 {[%emt 0:00:57]} e4 {[%emt 0:00:02]} 46. Ra8 {[%emt 0:00:09]} Be5 {[%emt 0:00:06]} 47. Rb3 {[%emt 0:00:10]} Rxh3 {[%emt 0:00:06]} 48. Rxh3 {[%emt 0:00:03]} 1-0

[Event "European Online Club-ch-B 2021"]
[Site "Online"]
[Date "2021.03.27"]
[Round "2.9"]
[White "Sorensen, Hampus"]
[Black "Santos Latasa, Jaime"]
[Result "1/2-1/2"]
[WhiteElo "2395"]
[BlackElo "2608"]
[Annotator "ChessBase"]
[PlyCount "101"]
[EventDate "2021.03.27"]
[EventType "team-tourn"]
[EventCountry "NET"]
[SourceTitle "playchess.com"]
[Source "ChessBase"]
[SourceQuality "1"]
[TimeControl "900+5"]

1. d4 {[%emt 0:00:00]} Nf6 {[%emt 0:00:03]} 2. c4 {[%emt 0:00:03]} e6 {[%emt 0:00:02]} 3. Nf3 {[%emt 0:00:02]} d5 {[%emt 0:00:02]} 4. Bg5 {[%emt 0:00:03]} h6 {[%emt 0:00:02]} 5. Bxf6 {[%emt 0:00:01]} Qxf6 {[%emt 0:00:03]} 6. e3 {[%emt 0:00:28]} g6 {[%emt 0:00:10]} 7. Bd3 {[%emt 0:00:15]} Bg7 {[%emt 0:00:02]} 8. Nc3 {[%emt 0:00:55]} c6 {[%emt 0:00:03]} 9. O-O {[%emt 0:00:04]} O-O {[%emt 0:00:03]} 10. Re1 {[%emt 0:00:54]} Qd8 {[%emt 0:00:03]} 11. e4 {[%emt 0:00:23]} c5 {[%emt 0:00:10]} 12. cxd5 {[%emt 0:01:24]} cxd4 {[%emt 0:00:09]} 13. Nb5 {[%emt 0:00:02]} exd5 {[%emt 0:01:02]} 14. Nbxd4 {[%emt 0:00:32]} Nc6 {[%emt 0:01:43]} 15. Nxc6 {[%emt 0:00:34]} bxc6 {[%emt 0:00:02]} 16. Qc2 {[%emt 0:00:05]} Rb8 {[%emt 0:00:21]} 17. Rab1 {[%emt 0:00:09]} Bg4 {[%emt 0:00:08]} 18. Nd2 {[%emt 0:00:28]} Qd6 {[%emt 0:00:16]} 19. Nb3 {[%emt 0:00:16]} Rfe8 {[%emt 0:00:13]} 20. h3 {[%emt 0:00:21]} Be6 {[%emt 0:00:52]} 21. Nc5 {[%emt 0:00:46]} dxe4 {[%emt 0:01:25]} 22. Nxe4 {[%emt 0:00:18]} Qf4 {[%emt 0:01:09]} 23. b3 {[%emt 0:00:19]} Bd5 {[%emt 0:00:12]} 24. Qc1 {[%emt 0:00:39]} Qh4 {[%emt 0:00:08]} 25. Nc3 {[%emt 0:01:36]} Be6 {[%emt 0:01:35]} 26. Qc2 {[%emt 0:01:19]} Rbd8 {[%emt 0:00:15]} 27. Rbd1 {[%emt 0:00:06]} Qb4 {[%emt 0:00:25]} 28. Na4 {[%emt 0:00:30]} Bd5 {[%emt 0:00:11]} 29. Rxe8+ {[%emt 0:00:56]} Rxe8 {[%emt 0:00:04]} 30. Qc1 {[%emt 0:00:35]} Bd4 {[%emt 0:00:55]} 31. Bf1 {[%emt 0:00:43]} Bg7 {[%emt 0:00:31]} 32. Qc5 {[%emt 0:00:53]} a5 {[%emt 0:01:15]} 33. Qxb4 {[%emt 0:00:36]} axb4 {[%emt 0:00:03]} 34. Nb6 {[%emt 0:00:01]} Be4 {[%emt 0:00:26]} 35. Bc4 {[%emt 0:00:38]} Bf6 {[%emt 0:01:00]} 36. Re1 {[%emt 0:00:06]} Bd4 {[%emt 0:01:12]} 37. Bd3 {[%emt 0:00:44]} f5 {[%emt 0:00:26]} 38. Nc4 {[%emt 0:00:05]} Re6 {[%emt 0:00:03]} 39. Bxe4 {[%emt 0:00:08]} fxe4 {[%emt 0:00:02]} 40. Re2 {[%emt 0:00:04]} Kg7 {[%emt 0:00:05]} 41. Kf1 {[%emt 0:00:02]} c5 {[%emt 0:00:03]} 42. Nd2 {[%emt 0:00:17]} e3 {[%emt 0:00:04]} 43. Nc4 {[%emt 0:00:04]} Rf6 {[%emt 0:00:16]} 44. Nxe3 {[%emt 0:00:03]} Bxe3 {[%emt 0:00:02]} 45. Rxe3 {[%emt 0:00:01]} Rd6 {[%emt 0:00:06]} 46. Re5 {[%emt 0:00:07]} Rd1+ {[%emt 0:00:11]} 47. Re1 {[%emt 0:00:09]} Rd2 {[%emt 0:00:02]} 48. Re2 {[%emt 0:00:02]} Rd1+ {[%emt 0:00:02]} 49. Re1 {[%emt 0:00:01]} Rd2 {[%emt 0:00:02]} 50. Re2 {[%emt 0:00:07]} Rd1+ {[%emt 0:00:02]} 51. Re1 {[%emt 0:00:01]} 1/2-1/2